Films avec Jean-Paul Belmondo - Mort subite - Statistiques

Statistiques générales
  • Ce quiz a été pris 608 fois
  • Le résultat moyen est 8 sur 14
Answers on the Grid
Answers color-coded by a green-red scale on the quiz's grid according to % correct below.
Le Professionnel
Le Battant
Le Magnifique
Le Marginal
Le Samouraï
L'Insoumis
Le Solitaire
L'Héritier
Le Pacha
Le Cerveau
L'Animal
Le Gitan
La Ciociara
Un singe en hiver
Le Corps de mon ennemi
Le Saint prend l'affût
Le Rapace
Le Paria
L'Alpagueur
Flic ou voyou
Le Guignolo
Le Clan des Siciliens
Le Ruffian
L'Inconnu dans la maison
 
Statistiques - réponses
Réponse % Correct
Le Professionnel
98%
Le Magnifique
87%
Flic ou voyou
77%
Le Marginal
77%
Le Guignolo
73%
Un singe en hiver
66%
Le Cerveau
65%
Le Solitaire
51%
L'Alpagueur
48%
L'Animal
47%
L'Héritier
40%
Le Corps de mon ennemi
39%
L'Inconnu dans la maison
23%
La Ciociara
20%
Aucun quiz correspondant
Distribution des résultats
% des personnes avec chaque résultat
Percentile par nombre de réponses
Votre historique - résultats
Vous n’avez pas pris ce quiz